Authority in language (0 415 17413 9)

সংরক্ষণ করুন:
গ্রন্থ-পঞ্জীর বিবরন
প্রধান লেখক: JAMES MILROY
বিন্যাস: গ্রন্থ
ভাষা:Undetermined
প্রকাশিত: Routledge 1998
ট্যাগগুলো: ট্যাগ যুক্ত করুন
কোনো ট্যাগ নেই, প্রথমজন হিসাবে ট্যাগ করুন!
Thư viện lưu trữ: Trung tâm Học liệu Trường Đại học Cần Thơ
LEADER 00399nam a2200145Ia 4500
001 CTU_49361
008 210402s9999 xx 000 0 und d
082 |a 428 
082 |b M662 
100 |a JAMES MILROY 
245 0 |a Authority in language (0 415 17413 9) 
245 0 |c JAMES MILROY, Lesley Milroy 
260 |b Routledge 
260 |c 1998 
980 |a Trung tâm Học liệu Trường Đại học Cần Thơ